|
|
|
|
| LEADER |
00000nam0a2200000 4500 |
| 001 |
145960 |
| 005 |
20231101221207.0 |
| 010 |
|
|
|a 9785911804886
|
| 035 |
|
|
|a (RuTPU)RU\TPU\book\158213
|
| 090 |
|
|
|a 145960
|
| 100 |
|
|
|a 20081024d2008 m y0rusy50 ca
|
| 101 |
1 |
|
|a rus
|c eng
|
| 102 |
|
|
|a RU
|
| 105 |
|
|
|a a z 001zy
|
| 200 |
1 |
|
|a Yes! Я это сделал. Маленькая золотая книга о правилах успешных продаж
|e пер. с англ.
|f Дж. Гитомер
|
| 210 |
|
|
|a СПб.
|c Питер
|d 2008
|
| 215 |
|
|
|a 208 с.
|c ил.
|
| 225 |
1 |
|
|a Деловой бестселлер
|
| 320 |
|
|
|a Библиогр.: с. 200.
|
| 330 |
|
|
|a Успех любого дела во многом зависит от вашего внутреннего настроя. Как необходимо действовать и реагировать на окружающий мир, чтобы осознать и овладеть позитивной установкой? Что требуется для обретения и поддержания уверенности в себе? Об этом «Маленькая золотая книга» Джеффри Гитомера. Изучая и воплощая на практике изложенные в ней принципы, вы привнесете в свой образ жизни мощный заряд позитивной энергии, направленный на победу. Эта книга вдохновит вас! Все, что вам надо, — читать и действовать. Издание рекомендуется всем, кто хочет обрести, укрепить и сохранить активную жизненную позицию и позитивную установку для достижения постоянного успеха.
|
| 606 |
1 |
|
|a Продажи
|x Психология
|2 stltpush
|3 (RuTPU)RU\TPU\subj\67489
|9 83264
|
| 610 |
1 |
|
|a торговля
|
| 610 |
1 |
|
|a товары
|
| 610 |
1 |
|
|a услуги
|
| 610 |
1 |
|
|a методы
|
| 610 |
1 |
|
|a техники
|
| 610 |
1 |
|
|a успех
|
| 610 |
1 |
|
|a успешность
|
| 610 |
1 |
|
|a позитивный настрой
|
| 610 |
1 |
|
|a правила
|
| 610 |
1 |
|
|a советы
|
| 686 |
|
|
|a Ю949.1
|v LBC/SL-A
|2 rubbk
|
| 700 |
|
1 |
|a Гитомер
|b Дж.
|g Джеффри
|
| 801 |
|
1 |
|a RU
|b 63413507
|c 20081024
|g PSBO
|
| 801 |
|
2 |
|a RU
|b 63413507
|c 20120423
|g PSBO
|
| 900 |
|
|
|a Технологии продаж
|
| 942 |
|
|
|c BK
|
| 959 |
|
|
|a 94/20081023
|d 1
|e 312,00
|f ЧЗГЛ:1
|